पंजाबी कवितावली (Record no. 1017704)

MARC details
000 -LEADER
fixed length control field 01059nam a2200265Ia 4500
003 - CONTROL NUMBER IDENTIFIER
control field OSt
005 - DATE AND TIME OF LATEST TRANSACTION
control field 20221005110054.0
008 - FIXED-LENGTH DATA ELEMENTS--GENERAL INFORMATION
fixed length control field 221004b |||||||| |||| 00| 0 pan d
020 ## - INTERNATIONAL STANDARD BOOK NUMBER
International Standard Book Number 8126021497 (hbk)
037 ## - SOURCE OF ACQUISITION
Terms of availability Textual
040 ## - CATALOGING SOURCE
Original cataloging agency CRL
Transcribing agency CRL
Language of cataloging pan
041 ## - LANGUAGE CODE
Source of code pan
Language code of text/sound track or separate title pan
100 ## - MAIN ENTRY--PERSONAL NAME
Personal name अमृता प्रीतम, संपा.
245 #0 - TITLE STATEMENT
Title पंजाबी कवितावली
Remainder of title चुनी हुई पंजाबी कविताएॅं
246 ## - VARYING FORM OF TITLE
Title proper/short title Panjābī kavitāvalī: chunī huī panjābī kavitāeॅan
260 ## - PUBLICATION, DISTRIBUTION, ETC.
Place of publication, distribution, etc. नई दिल्ली
Name of publisher, distributor, etc. साहित्य अकादेमी भारत
Date of publication, distribution, etc. 2007
300 ## - PHYSICAL DESCRIPTION
Extent 420पृ0
Dimensions cm.
650 ## - SUBJECT ADDED ENTRY--TOPICAL TERM
Topical term or geographic name entry element पंजाबी निबंध
942 ## - ADDED ENTRY ELEMENTS (KOHA)
Classification part O153,1xN5, 152K8;P7
Koha item type Textual
Source of classification or shelving scheme
Holdings
Withdrawn status Lost status Damaged status Not for loan Home library Current library Date acquired Source of acquisition Cost, normal purchase price Total Checkouts Full call number Barcode Date last seen Cost, replacement price Price effective from Koha item type
        Central Library Central Library 2022-10-05 535, 19/03/2009, Vani Prakashan 875.00   O153,1xN5 152K8;P7 CL1399422 2022-10-05 875.00 2022-10-05 Textual
Copyright @ Delhi University Library System